Engineering export challenges and opportunities: (Record no. 39816)

MARC details
000 -LEADER
fixed length control field 00530nam a22001697a 4500
008 - FIXED-LENGTH DATA ELEMENTS--GENERAL INFORMATION
fixed length control field 230606b |||||||| |||| 00| 0 eng d
020 ## - INTERNATIONAL STANDARD BOOK NUMBER
International Standard Book Number 81-7169-124-2
040 ## - CATALOGING SOURCE
Original cataloging agency National Science Library
Transcribing agency National Science Library
080 ## - UNIVERSAL DECIMAL CLASSIFICATION NUMBER
Universal Decimal Classification number 62:339.564(540)
Item number N1
100 ## - MAIN ENTRY--PERSONAL NAME
Personal name Arora, D S
9 (RLIN) 10979
245 ## - TITLE STATEMENT
Title Engineering export challenges and opportunities:
Remainder of title An Indian perspective
260 ## - PUBLICATION, DISTRIBUTION, ETC.
Place of publication, distribution, etc. New Delhi:
Name of publisher, distributor, etc. Commonwealth Publishers,
Date of publication, distribution, etc. 1991
300 ## - PHYSICAL DESCRIPTION
Extent 224p.
650 ## - SUBJECT ADDED ENTRY--TOPICAL TERM
Topical term or geographic name entry element Engineering
653 ## - INDEX TERM--UNCONTROLLED
Uncontrolled term Opportunities
942 ## - ADDED ENTRY ELEMENTS (KOHA)
Source of classification or shelving scheme Universal Decimal Classification
Koha item type Books

No items available.